Statistics for Most Common Male First Names in Every English County

Click here to take the quiz!

General Stats

  • This quiz has been taken 1,133 times
  • The average score is 25 of 48

Answers on the Map

Answers color-coded by a green-red scale on the quiz's map according to % correct below.
 

Answer Stats

County% Correct
Harry
80%
Harry
80%
Harry
80%
Harry
80%
Harry
80%
Harry
80%
Harry
80%
Harry
80%
George
67%
George
67%
George
67%
George
67%
Charlie
65%
Charlie
65%
Charlie
65%
Jack
58%
Jack
58%
Jack
58%
Jack
58%
Jack
58%
Oliver
44%
Oliver
44%
Oliver
44%
Oliver
44%
Oliver
44%
Oliver
44%
Oliver
44%
Oliver
44%
Oliver
44%
Oliver
44%
Oliver
44%
Oliver
44%
Oliver
44%
Oliver
44%
Oliver
44%
Oliver
44%
Oliver
44%
Muhammad
37%
Noah
32%
Noah
32%
Noah
32%
Noah
32%
Noah
32%
Freddie
29%
Freddie
29%
Freddie
29%
Jacob
28%
Ethan
22%

Score Distribution

Percentile by Number Answered

Percent of People with Each Score

Your Score History

You have not taken this quiz